LEADER 00968cam0-2200337---450- 001 990005721360403321 005 20150409153018.0 035 $a000572136 035 $aFED01000572136 035 $a(Aleph)000572136FED01 035 $a000572136 100 $a19990604d1977----km-y0itay50------ba 101 0 $aita 102 $aIT 105 $ay---z---001yy 200 1 $aManuale di inglese antico$fGiulia Mazzuoli Porru 210 $aPisa$cGiardini$d1977 215 $a303 p.$d26 cm 225 1 $aOrientamenti linguistici$v1 610 0 $aAntico inglese$aGrammatica 676 $a429.5 700 1$aMazzuoli Porru,$bGiulia$0159451 801 0$aIT$bUNINA$gRICA$2UNIMARC 901 $aBK 912 $a990005721360403321 952 $a429.5 MAZ 1 TER$bIST.GLOTT. S.I.$fFLFBC 952 $a429.5 MAZ 1$bFil.Mod.30211$fFLFBC 952 $a429.5 MAZ 1 BIS$bFil. Mod. 30352$fFLFBC 959 $aFLFBC 996 $aManuale di inglese antico$991461 997 $aUNINA LEADER 01140nam--2200349---450- 001 990003694480203316 005 20121003113220.0 010 $a978-88-6550-086-6 035 $a000369448 035 $aUSA01000369448 035 $a(ALEPH)000369448USA01 035 $a000369448 100 $a20121003d2011----km-y0itay50------ba 101 $aita$afre 102 $aIT 105 $a||||||||001yy 200 1 $aForme e occasioni dell'encomio tra cinque e seicento$dFormes et occasions de la louange entre XVI et XVII siècle$fa cura di Danielle Boillet, Liliana Grassi 210 $aLucca$cMaria Pacini Fazzi$d2011 215 $a396 p.$d24 cm 606 0 $aLetteratura encomiastica$ySec. 16.-17.$2BNCF 676 $a809.032 702 1$aBOILLET,$bSanielle 702 1$aGRASSI,$bLiliana 801 0$aIT$bsalbc$gISBD 912 $a990003694480203316 951 $aVIII.3. 1181$b237925 L.M.$cVIII.3.$d00058735 959 $aBK 969 $aUMA 979 $aCHIARA$b90$c20121003$lUSA01$h1129 979 $aCHIARA$b90$c20121003$lUSA01$h1132 996 $aForme e occasioni dell'encomio tra cinque e seicento$91141943 997 $aUNISA